000 00964nam a2200217Ia 4500
003 GCL
008 140319s9999 xx 000 0 ara d
040 _aGCL /
_cGCL
082 0 4 _a916.964
_bب م
100 1 _aالبكرى الاندلسى ، ابوعبيد عبدالله بن عبدالعزيز بن محمد 432 - 487 هـ
245 1 0 _aالمغرب فى ذكرى بلاد افريقية والمغرب جزء من كتاب المسالك والممالك DESCRIPTION DE L'AFRIQUE SEPTENTRIONALE /
_cالبكرى الاندلسى ، ابوعبيد عبدالله بن عبدالعزيز بن محمد 432 - 487 هـ
260 _a[S.N] :
_bمكتبة المتنبى
300 _aمتعدد الترقيم
490 _a
650 0 4 _aالمغرب
650 0 4 _aالجغرافيا الاقتصادية
650 0 4 _aالرحالة العرب
650 0 4 _aالحضارة الاسلامية
650 0 4 _aالمغرب العربى
942 _2ddc
_cBK
999 _c35804
_d35804